|
|
|
|
| LEADER |
01754nam a2200433 4500 |
| 001 |
ocm70841301 |
| 003 |
OCoLC |
| 005 |
20180501121908.0 |
| 006 |
m o d |
| 007 |
cr cnu---uuuuu |
| 008 |
060503s2006 ne a ob 001 0 eng d |
| 040 |
|
|
|a YUM
|b eng
|e pn
|c YUM
|d OCLCQ
|d MERUC
|d NTE
|d AZU
|d CUS
|d OCLCQ
|d IDEBK
|d OCLCQ
|d OPELS
|d OCLCQ
|d OPELS
|d OCLCF
|d OCLCQ
|d YDXCP
|d VVL
|d OCLCQ
|d MYG
|d OCLCQ
|d DEBBG
|d OCLCQ
|d BUF
|d GrThAP
|
| 019 |
|
|
|a 70260274
|a 441763335
|
| 020 |
|
|
|a 9780121828141
|q (electronic bk.)
|
| 035 |
|
|
|a (OCoLC)70841301
|z (OCoLC)70260274
|z (OCoLC)441763335
|
| 050 |
|
4 |
|a QP601
|b .C57 v. 408-409
|
| 050 |
|
4 |
|a QH467
|b .D572 2006
|
| 060 |
|
4 |
|a QU 475
|b D6284 2006
|
| 082 |
0 |
4 |
|a 572.86459
|2 22
|
| 049 |
|
|
|a TEFA
|
| 245 |
0 |
0 |
|a DNA repair.
|n Part B /
|c edited by Judith Campbell, Paul Modrich.
|
| 260 |
|
|
|a Amsterdam ;
|a Boston :
|b Elsevier/Academic Press,
|c ©2006.
|
| 300 |
|
|
|a 1 online resource (xxxv, 575 pages) :
|b illustrations.
|
| 336 |
|
|
|a text
|b txt
|2 rdacontent
|
| 337 |
|
|
|a computer
|b c
|2 rdamedia
|
| 338 |
|
|
|a online resource
|b cr
|2 rdacarrier
|
| 490 |
1 |
|
|a Methods in enzymology ;
|v v. 409
|
| 504 |
|
|
|a Includes bibliographical references and indexes.
|
| 650 |
|
0 |
|a DNA repair.
|
| 650 |
|
0 |
|a Enzymology.
|
| 650 |
|
7 |
|a DNA repair.
|2 fast
|0 (OCoLC)fst00886599
|
| 650 |
|
7 |
|a Enzymology.
|2 fast
|0 (OCoLC)fst00913635
|
| 650 |
|
2 |
|a DNA Repair.
|
| 655 |
|
4 |
|a Electronic books.
|
| 700 |
1 |
|
|a Campbell, Judith L.
|
| 700 |
1 |
|
|a Modrich, Paul.
|
| 776 |
0 |
8 |
|i Print version:
|t DNA repair.
|d Amsterdam ; Boston : Elsevier/Academic Press, ©2006
|z 9780121828134
|w (DLC) 2008357281
|w (OCoLC)68122514
|
| 830 |
|
0 |
|a Methods in enzymology ;
|v volume 409.
|
| 856 |
4 |
0 |
|u https://www.sciencedirect.com/science/bookseries/00766879/409
|z Full Text via HEAL-Link
|